000 00770nam a2200193 i 4500
001 61538
003 ES-MaACL
005 20230906164459.0
007 t|
008 031112s1950 dr b |||| | spa d
111 2 _aExposición del Libro Mexicano (
_d1950.
_cCiudad Trujillo)
_9685
245 1 0 _aCatálogo de libros mexicanos presentados en la Exposición del Libro Mexicano
_b: organizado por la Biblioteca de la Universidad para conmemorar en 140º aniversario de la Revolución Mexicana.
260 _aCiudad Trujillo :
_bMontalvo,
_c1950.
300 _a84 p. ;
_c24 cm.
500 _aPrecede al tít.: Universidad de Santo Domingo.
650 4 _aBibliografías mexicanas.
_9169324
710 2 _aUniversidad de Santo Domingo.
_97299
852 _aES-MaACL
_j2006-F-9
999 _c61538
_d61538